Statistics for MLB MVP winners (1990-2022)

Click here to take the quiz!

General Stats

  • This quiz has been taken 20 times
    (4 since last reset)
  • The average score is 33 of 68

Answer Stats

Year:American League:% Correct
2022Aaron Judge
100%
1990Barry Bonds
100%
2001Barry Bonds
100%
2003Barry Bonds
100%
1993Barry Bonds
100%
2004Barry Bonds
100%
2002Barry Bonds
100%
1992Barry Bonds
100%
2008Dustin Pedroia
100%
2020Freddie Freeman
100%
2020José Abreu
100%
2016Mike Trout
100%
2014Mike Trout
100%
2019Mike Trout
100%
1991Terry Pendleton
100%
2007Alex Rodriguez
50%
2005Alex Rodriguez
50%
2003Alex Rodriguez
50%
2013Andrew McCutchen
50%
1995Barry Larkin
50%
2015Bryce Harper
50%
2021Bryce Harper
50%
1991Cal Ripken Jr.
50%
1999Chipper Jones
50%
2018Christian Yelich
50%
2014Clayton Kershaw
50%
2019Cody Bellinger
50%
1994Frank Thomas
50%
1993Frank Thomas
50%
2017Giancarlo Stanton
50%
2001Ichiro Suzuki
50%
1999Ivan Rodriguez
50%
2007Jimmy Rollins
50%
2009Joe Mauer
50%
2010Joey Votto
50%
2017Jose Altuve
50%
2015Josh Donaldson
50%
2006Justin Morneau
50%
2011Justin Verlander
50%
1997Ken Griffey Jr.
50%
2016Kris Bryant
50%
1997Larry Walker
50%
2012Miguel Cabrera
50%
2013Miguel Cabrera
50%
1995Mo Vaughn
50%
1990Rickey Henderson
50%
2023Ronald Acuna Jr.
50%
2011Ryan Braun
50%
2006Ryan Howard
50%
1998Sammy Sosa
50%
2009Albert Pujols
0%
2008Albert Pujols
0%
2005Albert Pujols
0%
2012Buster Posey
0%
1992Dennis Eckersley
0%
2000Jason Giambi
0%
1994Jeff Bagwell
0%
2000Jeff Kent
0%
2010Josh Hamilton
0%
1998Juan Gonzalez
0%
1996Juan Gonzalez
0%
1996Ken Caminiti
0%
2002Miguel Tejada
0%
2018Mookie Betts
0%
2022Paul Goldschmidt
0%
2021Shohei Ohtani
0%
2023Shohei Ohtani
0%
2004Vladimir Gurrero
0%

Score Distribution

Percentile by Number Answered

Percent of People with Each Score

Your Score History

You have not taken this quiz since the last reset